1000 years of the Olympic Games : treasures of Ancient Greece
Saved in:
| Main Author: | |
|---|---|
| Corporate Authors: | , |
| Other Authors: | , |
| Format: | Book |
| Language: | English |
| Published: |
Sydney :
Powerhouse Pub.,
2000
|
| Subjects: | |
| Tags: |
Add Tag
No Tags, Be the first to tag this record!
|
MARC
| LEADER | 00000cam a2200000 i 4500 | ||
|---|---|---|---|
| 001 | 1/105371 | ||
| 008 | 090521s2000 eng d | ||
| 020 | |a 1-86317-079-0 | ||
| 035 | |l 10104800 | ||
| 040 | |a GR-MY-UA |b gre |e aacr | ||
| 041 | 0 | |a eng | |
| 082 | 0 | |a 796.480938 |2 (22) | |
| 100 | 1 | |a Measham, Terry. | |
| 245 | 1 | 0 | |a 1000 years of the Olympic Games : |b treasures of Ancient Greece / |c Terence Measham, Elisabeth Spathari, and Paul Donnelly |
| 260 | |a Sydney : |b Powerhouse Pub., |c 2000 | ||
| 300 | |a 144 σ.; |b εικ. (μερ. έγχρ.); |c 28 εκ. | ||
| 500 | |a Organised and lent by the Hellenic Ministry of Culture, Athens, as a contribution to the celebration of the Sydney 2000 Olympic and Paralympic Games.Developed by the Powerhouse Museum, Sydney | ||
| 504 | |a Περιέχει βιβλιογραφικές παραπομπές | ||
| 650 | 0 | 0 | |a Sports in art |x Exhibitions. |
| 650 | 0 | 0 | |a Art, Greek |x Exhibitions. |
| 650 | 0 | 0 | |a Art, Ancient |x Exhibitions. |
| 700 | 1 | |a Donnelly, Paul, |d 1961- | |
| 700 | 1 | |a Spathari, Elisabeth. | |
| 710 | 2 | |a Powerhouse Museum. | |
| 710 | 1 | |a Ελλάς. |b Υπουργείο Πολιτισμού. | |
| 852 | |a INST |b LESVOS |e 20090521 |h 796.480938 MEA |p 005100045041 |q 005100045041 |t BK |y 0 | ||
| 901 | |a BIBL1-2009-2 | ||
| 909 | |a Λ |b 158828 | ||
| 970 | |a ΚΑΡΑ |b ΓΙΑΣΕΜΗ |z 2009/05/21 | ||